000 00741nam a22002297a 4500
999 _c14881
_d14881
003 AR-CdUCM
008 190425b ||||| |||| 00| 0 spa d
020 _a978-607-16-2087-3
040 _aMUNICIPALIDAD PROVINCIAL DEL CUSCO
_cBIBLIOTECA MUNICIPAL DEL CUSCO
082 _aPI / 808.06 /
_bV16
100 _aVentura, Antonio
_933840
245 _aEl sueño /
260 _aMéxico :
_bFondo de cultura económica,
_c2015.
300 _bIlustraciones,
_c23 cm.
440 _aLos especiales de a la orilla del viento
_933841
500 _aNo cuenta con numeración de paginas
650 _aCuento
_94671
650 _aLiteratura infantil
_9588
650 _aPrimera infancia
_924660
942 _2ddc
_cLIBROS
945 _adavv
_d25/04/2019